书目信息 |
| 题名: |
配器
|
|
| 作者: | 张准 主编 | |
| 分册: | ||
| 出版信息: | 北京 高等教育出版社 2007.12 |
|
| 页数: | ||
| 开本: | ||
| 丛书名: | ||
| 单 册: | ||
| 中图分类: | J614.4 | |
| 科图分类: | ||
| 主题词: | 音乐--技术--理论 , 音乐--技术--方法 | |
| 电子资源: | ||
| ISBN: | 978-7-04-010494-3 | |
| 000 | 00618nam0 2200229 45 | |
| 001 | 010460129396 | |
| 005 | 20091117122246.75 | |
| 010 | @a978-7-04-010494-3@dCNY48.80 | |
| 100 | @a20090515d2007 ekmy0 y0120 ea | |
| 102 | @aCN@b130000 | |
| 102 | @aCN@b110000 | |
| 105 | @ay z 000yy | |
| 200 | 1 | @a配器@f张准主编@Fzhang zhun zhu bian |
| 210 | @a北京@c高等教育出版社@d2007.12 | |
| 210 | @a北京@c高等教育出版社 | |
| 606 | 0 | @a音乐@x技术@x理论 |
| 606 | 0 | @a音乐@x技术@x方法 |
| 690 | @aJ614.4@v4 | |
| 701 | 0 | @a张准@Azhang zhun@4主编 |
| 801 | 0 | @aCN@c20091117 |
| 905 | @a10447@dJ614.4@eZ255 | |
| 906 | @d49@n1@r1 | |
| 配器/张准主编.-北京:高等教育出版社,2007.12.-北京:高等教育出版社 |
| ISBN 978-7-04-010494-3:CNY48.80 |
| ● |
| 相关链接 |
|
|
|
正题名:配器
索取号:J614.4/Z255
 
预约/预借
| 序号 | 登录号 | 条形码 | 馆藏地/架位号 | 状态 | 备注 |
| 1 | 894343 | 208943438 | 社科库309/309社科库 92排2列2层/ [索取号:J614.4/Z255] | 在馆 |